00254 a2200121 4500001000700000020000600007040001100013100001700024240004000041245003500081300000700116362000900123186389 a  cMagnum aDisney, Wlat10aAlice no país das maravilhaslpor10aAlice no país das maravilhas a160 a1995